000 00658nam a22002297a 4500
001 33935
003 UA-OsUOA
005 20230831153820.0
007 ta
008 20050919b un ||||| |||| 00| 0 ukr d
020 _a966854725Х
040 _aUA-OsUOA
_bukr
_cUA-OsUOA
_dUA-OsUOA
041 _aukr
080 _a(038)=161.23
090 _a(038)=161.23
_bУ45
245 _aУкраїна в словах
_bмовокраїнознавчий словник-довідник
_cупоряд. і кер. авт. кол. Данилюк Н.
260 _aК.
_bПросвіта
_c2004
300 _a423 с.
650 7 _2UDC
942 _cBK
_2udc
955 _a2
999 _c320359
_d320359